| 000 | 01428nam a2200289 a 4500 | ||
|---|---|---|---|
| 001 | 000024487 | ||
| 005 | 20250621074007.0 | ||
| 008 | 090709s2010 dr 000 0 spa d | ||
| 020 | _a9789945003215 | ||
| 040 |
_aDO-SdBNP _bspa _cBNPHU |
||
| 082 |
_a320.97293 _bM878r, 2010 |
||
| 100 | 1 |
_aMorrison, Milton, _d1975- _910874 |
|
| 245 | 1 | 3 |
_aLa ruptura generacional : _bhacia una renovación de la esperanza / _cMilton Morrison ; prólogo Federico Jóvine Rijo. |
| 250 | _a2ª ed. | ||
| 260 |
_aSanto Domingo : _bBúho, _c2010. |
||
| 300 |
_a126 p. ; _c23 cm. |
||
| 500 | _aIncluye datos biográficos del autor en la solapa de la cubierta. | ||
| 505 | 0 |
_aPrefacio / _rFederico Jóvine Rijo -- _tDistorisión de la política -- _tMal manejo de la economía -- _tGlobalización e identidad cultural -- _tDebilitamiento del capital social -- _tPrincipios, valores y responsabilidad social -- _tUnidades y agentes de cambios -- _tMi visión acerca de las soluciones -- _tLa vía alterna como epílogo. |
|
| 590 | _aInventariado, 2018/LP | ||
| 651 | 0 |
_aRepública Dominicana _xPolítica y gobierno _945 |
|
| 651 | 4 |
_aRepública Dominicana _xAdministración Pública _9657 |
|
| 651 | 4 |
_aRepública Dominicana _xCondiciones Económicas _9281 |
|
| 651 | 4 |
_aRepública Dominicana _xCondiciones Sociales _946 |
|
| 650 | 0 |
_aGlobalización _91524 |
|
| 700 | 1 |
_aJóvine Rijo, Federico, _epról. _950187 |
|
| 910 | _aValidado. Control de calidad EMS. | ||
| 999 |
_c23980 _d23980 |
||